| 000 | 01213nac a22003011u 4500 | ||
|---|---|---|---|
| 010 | _a 2006927148 | ||
| 020 | _a9780387352695 (softcover : alk. paper) | ||
| 020 | _a0387352694 (softcover : alk. paper) | ||
| 020 | _a1402078846 (ebook) | ||
| 082 |
_a004.68 _bWIR |
||
| 090 |
_c8790 _d8790 |
||
| 100 | _a20080729 | ||
| 245 | 0 | 0 |
_aWireless sensor networks / _cEdited by C.S. Raghavendra, Krishna M. Sivalingam, Taieb Znati. |
| 260 |
_aNew York : _bSpringer,2006. _cc2006. |
||
| 300 |
_axv,426 p. _bill.; _c24 cm. |
||
| 500 | _a Distributer: Bacca | ||
| 504 | _aIncludes bibliographical references and index. | ||
| 511 | _aCatalogued by: Sara | ||
| 650 | _aSensor networks. | ||
| 650 | _aWireless LANs. | ||
| 700 | _aRaghavendra, C.S. | ||
| 700 | _aSivalingam, Krishna M. | ||
| 700 | _aZnati, Taieb | ||
| 856 | 4 | 2 |
_3Publisher description _uhttp://www.loc.gov/catdir/enhancements/fy0825/2006927148-d.html |
| 856 | 4 | 2 |
_3Table of contents only _uhttp://www.loc.gov/catdir/enhancements/fy0825/2006927148-t.html |
| 942 |
_cBB _k004.68WIR |
||
| 999 |
_c8790 _d8790 |
||